Responses for show #8285 - Friday, November 20, 2020

Andy Wood game 5.

Contestants

[<< previous game]

Rhonda Craft, a training specialist originally from Muskegon, Michigan

Charlie Fonville, a producer originally from Wichita Falls, Texas

Andy Wood, a writer originally from Ann Arbor, Michigan (whose 4-day cash winnings total $91,999)

[next game >>]

Jeopardy! Round responses

EVERYTHING'S JAKE
POTPOURRI
NUMBER, PLEASE
SILENT "L"
PORTS
SCIENCE ABBREV.
    $200 13
"Jake The Snake"

Andy
    $200 1
(Andy: I wish I could quote "Weird Al" and take POTPOURRI for $100, but I'll take $200, please.)

NeNe Leakes

Rhonda
    $200 23
57

Charlie
    $200 6
calm

Rhonda
    $200 21
Athens

Andy
    $200 16
hydrogen

Charlie
    $400 12
Jake Gyllenhaal

Charlie
    $400 2
the nae nae

Charlie
    $400 25
76

Andy
    $400 7
salmon

Charlie
    $400 22
China

Rhonda
    $400 17
Physics

Andy
    $600 11
the Cleveland Indians

Triple Stumper
    $600 3
the nene

Triple Stumper
    $5,000 26
(Andy: What is Route [*]?)

66

Andy
    $600 8
a calf

Andy
    $600 28
Los Angeles

Charlie
    $600 18
(Andy: What's a [*]?)
(Alex: Yes, end of [*].)

mission

Andy
    $800 14
Jake LaMotta

Andy
    $800 4
Sha Na Na

Charlie
    $800 24
30

Rhonda
    $800 9
stalk

Charlie
    $800 29
(Rhonda: What is Abu Dhabi?)

Dubai

AndyRhonda
    $800 19
light

Andy
    $1000 15
Blues

Charlie
    $1000 5
(Alex: You caught the theme we had going in that category.)

na na hey hey

Andy
    $1000 27
FiveThirtyEight

Charlie
    $1000 10
behalf

Charlie
    $1000 30
Rotterdam

Rhonda
    $1000 20
cubic centimeter

Charlie

Scores at the first commercial break (after clue 15):

Andy Charlie Rhonda
$2,600 $4,800 $400

Scores at the end of the Jeopardy! Round:

Andy Charlie Rhonda
$10,800 $7,800 $1,800

Double Jeopardy! Round responses

BOOKS & AUTHORS
RAINBOW COALITION
THE ANCIENT WORLD
BUILDINGS
5-LETTER WORDS
20th CENTURY POP CULTURE
    $400 16
Edward

Andy
    $400 30
(rainbow) trout

Charlie
    $400 3
Confucius

Charlie
    $400 21
Disneyland

Charlie
    $400 11
(Charlie: What is vaya con Dios?)

adios

CharlieRhonda
    $400 1
avocado

Charlie
    $800 17
schizophrenia

Charlie
    $800 29
a leprechaun

Charlie
    $800 4
Cyclopes

Charlie
    $800 23
Moscow

Charlie
    $800 12
the roost

Rhonda
    $800 2
the "Twist"

Charlie
    $1200 18
(Andy: What is London?)

Dublin

AndyRhonda
    $1200 28
Radiohead

Charlie
    $1200 5
Constantine

Charlie
    $4,000 24
a lotus

Charlie
    $1200 13
(Charlie: What is rayon?)

Lycra

Charlie
Triple Stumper
    $1200 8
Beanie Babies

Rhonda
    $1600 19
Born a Crime

Triple Stumper
    $1600 26
Asgard

Charlie
    $1600 6
Assyria

Charlie
    $1600 22
a rotunda

Rhonda
    $1600 14
a biped

Charlie
    $2,000 9
the Radio Flyer

Rhonda
    $2000 20
Lois Lowry

Triple Stumper
    $2000 27
D.H. Lawrence

Triple Stumper
    $2000 7
judge

Triple Stumper
    $2000 25
the Petronas Towers

Andy
    $2000 15
ennui

Charlie
    $2000 10
Kenny G

Andy

Scores at the end of the Double Jeopardy! Round:

Andy Charlie Rhonda
$14,000 $25,000 $9,000

[wagering suggestions for these scores]

Final Jeopardy! Round responses

MUSICAL THEATER
(Alex: What is...)
(Rhonda: Ribz Rules, it's my dog.)
[Laughter]
...
(Alex: The play, the musical, was based on T.S. Eliot's Old Possum's Book of Practical [*].)
RhondaWhat is Ribz Rulez
$8,993
AndyWhat is Cats [pointed ears drawn above the C]
$13,990
CharlieWhat is Cats?
$5,000
Cats

Final scores:

Andy Charlie Rhonda
$27,990 $30,000 $7
2nd place: $2,000 New champion: $30,000 3rd place: $1,000

Game dynamics:

Coryat scores:

Andy Charlie Rhonda
$9,600 $22,200 $8,600
14 R
(including 1 DD),
1 W
28 R
(including 1 DD),
2 W
11 R
(including 1 DD),
1 W

Combined Coryat: $40,400

The J! Archive is created by fans, for fans. The Jeopardy! game show and all elements thereof, including but not limited to copyright and trademark thereto, are the property of Jeopardy Productions, Inc. and are protected under law. This website is not affiliated with, sponsored by, or operated by Jeopardy Productions, Inc. Join the discussion at JBoard.tv.